Normal view MARC view

Entry Nombre personal

Number of records used in: 1

001 - NÚMERO DE CONTROL

  • campo de control: 240278

003 - IDENTIFICADOR DE NÚMERO DE CONTROL

  • campo de control: SpMaBN

005 - FECHA Y HORA DE LA ÚLTIMA TRANSACCIÓN

  • campo de control: 20250822143030.0

008 - ELEMENTOS DE DATO DE LONGITUD-FIJA

  • campo de control de longitud fija: 151105n|#azznnaabn |a aaa

010 ## - NÚMERO DE CONTROL DE LA BIBLIOTECA DEL CONGRESO

  • Número de control de LC: XX5544027

024 7# - IDENTIFICADOR DE OTROS ESTÁNDARES

  • Número estándar o código: http://www.wikidata.org/entity/Q5752357
  • Fuente: wikidata

024 7# - IDENTIFICADOR DE OTROS ESTÁNDARES

  • Número estándar o código: http://viaf.org/viaf/4362768/
  • Fuente: viaf

024 7# - IDENTIFICADOR DE OTROS ESTÁNDARES

  • Número estándar o código: https://isni.org/isni/0000000047834273
  • Fuente: isni

040 ## - FUENTE DE CATALOGACIÓN

  • Centro catalogador/agencia de origen: SpMaBN
  • Lengua de catalogación: spa
  • Centro/agencia transcriptor: SpMaBN
  • Normas de descripción: rdc
  • Convención/Normas de encabezamiento de materia/tesauro: embne

046 ## - FECHAS CON CODIFICACIÓN ESPECIAL

  • Fecha de nacimiento: 1947
  • Fecha de la muerte: 2022

100 1# - ENCABEZAMIENTO-NOMBRE DE PERSONA

  • Nombre de persona: Angulo Barturen, Carmelo,
  • Fechas asociadas al nombre: 1947-2022

370 ## - LUGAR ASOCIADO

  • Lugar de nacimiento: España, País Vasco, Vizcaya, Bilbao
  • Fuente del término: embne

370 ## - LUGAR ASOCIADO

  • Lugar de fallecimiento: España, Madrid (Comunidad Autónoma), Madrid
  • Fuente del término: embne

372 ## - CAMPO DE ACTIVIDAD

  • Campo de actividad: Globalización
  • Campo de actividad: Pobreza internacional
  • Fuente del término: embne

374 ## - OCUPACIÓN

  • Ocupación: Diplomáticos
  • Fuente del término: embne

375 ## - GÉNERO/SEXO

  • Género: Masculino

377 ## - IDIOMA ASOCIADO

  • Término de lengua/lenguaje: Español

400 1# - TRAZADO DE VÉASE--NOMBRE DE PERSONA

  • Nombre de persona: Angulo, Carmelo
  • Fechas asociadas al nombre: 1947-2022

670 ## - FUENTE DE DATOS ENCONTRADOS

  • Cita de la fuente: Globalización, pobreza y desarrollo, 2005
  • Información encontrada: v. de la anteport. (autores, Carmelo Angulo Barturen, antiguo representante del PNUD y Embajador Español en Buenos Aires)

670 ## - FUENTE DE DATOS ENCONTRADOS

  • Cita de la fuente: WWW Wikipedia, 6-11-2015
  • Información encontrada: (Carmelo Angulo Barturen (Bilbao, 23 de mayo de 1947) es un diplomático español; Licenciado en Derecho por la Universidad Complutense de Madrid, ingresó en 1973 en la Escuela Diplomática e inició su carrera en 1977)
  • Identificador Uniforme de Recursos: https://es.wikipedia.org/wiki/Carmelo_Angulo_Barturen

670 ## - FUENTE DE DATOS ENCONTRADOS

  • Cita de la fuente: WWW Agencia EFE, 02-12-2022
  • Información encontrada: (Carmelo Angulo (fallece en Madrid 01-12-2022), exembajador y expresidente de Unicef España. Licenciado en Derecho y Relaciones Internacionales)
  • Identificador Uniforme de Recursos: https://efe.com/espana/fallece-carmelo-angulo/